000 00525nam a2200217Ia 4500
003 OSt
005 20220924135130.0
006 a|||||r|||| 00| 0
007 ta
008 220923b |||||||| |||| 00| 0 ben d
024 _a288639
037 _cTextual
040 _aARTS
_cARTS
_bben
041 _2ben
_aben
082 _aNR2,2, 157M0
100 _aRoychoudhuri
_9209761
245 0 _aTappa sangraha
260 _c1980
942 _hNR2,2, 157M0
_cTEXL
_2CC
999 _c439722
_d439722